000
00290nam a22001337a 4500
008
171030b xxu||||| |||| 00| 0 eng d
020
_a
020100903-X
041
_a
eng
080
_a
336
100
_a
56
101
_a
FIN
245
_a
INTERNATIONAL FINANCE
_c
CARLSON,R.S
942
_2
udc
_c
BK
999
_c
36319
_d
36319